Throwing light on procurement (Record no. 74553)

MARC details
000 -LEADER
fixed length control field 01004cab a2200217 4500
001 - CONTROL NUMBER
control field ABS68200
008 - FIXED-LENGTH DATA ELEMENTS--GENERAL INFORMATION
fixed length control field 040930n2004 000 0 eng u
035 ## - SYSTEM CONTROL NUMBER
System control number (Sirsi) u127583
100 ## - MAIN ENTRY--PERSONAL NAME
Personal name Birkby, G.
245 ## - TITLE STATEMENT
Title Throwing light on procurement
260 ## - PUBLICATION, DISTRIBUTION, ETC.
Date of publication, distribution, etc. 2004
490 ## - SERIES STATEMENT
Series statement Project
Volume/sequential designation 17(4) August/September 2004, 16-17(2)
520 ## - SUMMARY, ETC.
Summary, etc. Summarises the main points of the EU procurement rules. The initial EU directives have been incorporated into English law and are known as the Public Procurement Regulations. Briefly outlines some recent cases which can give guidance on the application of the regulations. States recently issued amended directives will allow for e-auctioning and other more up-to-date means of tendering. This will lead to new public procurement regulations being issued.
590 ## - LOCAL NOTE (RLIN)
Local note ABS
650 ## - SUBJECT ADDED ENTRY--TOPICAL TERM
Topical term or geographic name entry element EU PROCUREMENT
650 ## - SUBJECT ADDED ENTRY--TOPICAL TERM
Topical term or geographic name entry element PUBLIC PROCUREMENT REGULATIONS
650 ## - SUBJECT ADDED ENTRY--TOPICAL TERM
Topical term or geographic name entry element ELECTRONIC AUCTIONEERING
650 ## - SUBJECT ADDED ENTRY--TOPICAL TERM
Topical term or geographic name entry element EUROPE
690 ## - LOCAL SUBJECT ADDED ENTRY--TOPICAL TERM (OCLC, RLIN)
Topical term or geographic name as entry element Procurement
9 (RLIN) 6260
942 ## - ADDED ENTRY ELEMENTS (KOHA)
Suppress in OPAC 0
Holdings
Withdrawn status Lost status Source of classification or shelving scheme Damaged status Not for loan Home library Current library Shelving location Date acquired Total Checkouts Full call number Barcode Date last seen Copy number Price effective from Koha item type
    Dewey Decimal Classification     London London Journal article 30/09/2004   ABS68200 127583-1001 06/08/2019 1 06/08/2019 Journal article